|
|
|
|
| LEADER |
02843cam a2200709 i 4500 |
| 001 |
nkc20172883429 |
| 003 |
CZ PrNK |
| 005 |
20171003120259.0 |
| 007 |
ta |
| 008 |
170203s2016 xr a e 000 0dcze d |
| 015 |
|
|
|a cnb002883429
|
| 020 |
|
|
|a 978-80-7467-115-9
|q (vázáno)
|
| 035 |
|
|
|a (OCoLC)987008707
|
| 040 |
|
|
|a KLG001
|b cze
|d ABA001
|e rda
|
| 041 |
1 |
|
|a cze
|a eng
|h cze
|
| 043 |
|
|
|a e-xr---
|
| 045 |
|
|
|a x8y1
|
| 072 |
|
7 |
|a 72/76
|x Výtvarné umění
|2 Konspekt
|9 21
|
| 080 |
|
|
|a 75(437.3)
|2 MRF
|
| 080 |
|
|
|a 76(437.3)
|2 MRF
|
| 080 |
|
|
|a 741/744(437.3)
|2 MRF
|
| 080 |
|
|
|a 74/76.05
|2 MRF
|
| 080 |
|
|
|a 7.036/.038
|2 MRF
|
| 080 |
|
|
|a (437.3)
|2 MRF
|
| 080 |
|
|
|a (084.11)
|2 MRF
|
| 100 |
1 |
|
|a Hísek, Jan,
|d 1965-
|7 jn19990209234
|4 aut
|4 ill
|
| 245 |
1 |
0 |
|a Zeptej se spánku... :
|b grafika, kresba, malba ilustrací = Ask sleep... : prints, drawings, paintings become an illustration /
|c Jan Hísek ; text Jan Rous ; překlad Rosana Murcott
|
| 246 |
3 |
|
|a Grafika, kresba, malba ilustrací - Jan Hísek
|
| 246 |
3 |
1 |
|a Ask sleep
|
| 250 |
|
|
|a Vydání první
|
| 264 |
|
1 |
|a V Řevnicích :
|b Arbor vitae,
|c 2016
|
| 300 |
|
|
|a 183 stran :
|b ilustrace (některé barevné) ;
|c 21 cm
|
| 336 |
|
|
|a text
|b txt
|2 rdacontent
|
| 336 |
|
|
|a statický obraz
|b sti
|2 rdacontent
|
| 337 |
|
|
|a bez média
|b n
|2 rdamedia
|
| 338 |
|
|
|a svazek
|b nc
|2 rdacarrier
|
| 500 |
|
|
|a Vydáno ke stejnojmenné výstavě v Galerii Villa Pellé v Praze, konané ve dnech 21. listopadu 2016 až 22. ledna 2017
|
| 500 |
|
|
|a Životopisná údaje a přehled výstav
|
| 504 |
|
|
|a Obsahuje bibliografii
|
| 546 |
|
|
|a Částečně souběžný anglický text
|
| 600 |
1 |
7 |
|a Hísek, Jan,
|d 1965-
|7 jn19990209234
|2 czenas
|
| 648 |
|
7 |
|a 20.-21. století
|7 ch462155
|2 czenas
|
| 648 |
|
7 |
|a 1989-2015
|7 ch969065
|2 czenas
|
| 650 |
0 |
7 |
|a české malířství
|7 ph116864
|y 20.-21. století
|2 czenas
|
| 650 |
0 |
7 |
|a česká grafika
|7 ph128116
|y 20.-21. století
|2 czenas
|
| 650 |
0 |
7 |
|a česká kresba
|7 ph116857
|y 20.-21. století
|2 czenas
|
| 650 |
0 |
7 |
|a knižní ilustrace
|7 ph114931
|z Česko
|y 20.-21. století
|2 czenas
|
| 650 |
0 |
7 |
|a moderní umění
|7 ph115340
|z Česko
|2 czenas
|
| 650 |
0 |
9 |
|a Czech painting
|y 20th-21st centuries
|2 eczenas
|
| 650 |
0 |
9 |
|a Czech prints
|y 20th-21st centuries
|2 eczenas
|
| 650 |
0 |
9 |
|a Czech drawing
|y 20th-21st centuries
|2 eczenas
|
| 650 |
0 |
9 |
|a illustration of books
|z Czechia
|y 20th-21st centuries
|2 eczenas
|
| 650 |
0 |
9 |
|a modern art
|z Czechia
|2 eczenas
|
| 655 |
|
7 |
|a obrazové publikace
|7 fd132947
|2 czenas
|
| 655 |
|
9 |
|a pictorial works
|2 eczenas
|
| 700 |
1 |
|
|a Rous, Jan,
|d 1943-
|7 jk01102871
|4 aut
|
| 700 |
1 |
|
|a Murcott, Rosana
|7 pag2008446212
|4 trl
|
| 910 |
2 |
|
|a BOA001
|b 2-1390.564
|
| 920 |
|
|
|a 1116608
|z KLG001
|
| 990 |
|
|
|a BK
|
| 995 |
|
|
|a 01
|
| 996 |
6 |
|
|b 2610710670
|c 2-1390.564
|l MZK
|r Sklad / do 1 hodiny
|n 0
|p p.v.
|w 001616004
|u 000010
|a 1
|e BOA001
|j MZK50
|s P
|